[Event "DEM U10 2025"]
[Site "Willingen GER"]
[Date "2025.06.10"]
[Round "4"]
[White "Blem, Alexander jun."]
[Black "Mitin, Maximilian"]
[Result "0-1"]
[Termination "normal"]
[Board "12"]
[WhiteElo "1417"]
[BlackElo "1714"]
[WhiteClock "01:01:07"]
[BlackClock "01:27:08"]
[PlyCount "86"]
[WhiteFideId "34674926"]
[BlackFideId "533034281"]
[EventCountry "GER"]
[EventRounds "9"]
[EventType "swiss"]
[EventDate "2025.06.07"]

1. e4 {[%clk 01:30:58]} e5 {[%clk 01:30:31]} {[%emt 00:00:30]} 2. Nf3 {[%clk
01:31:19]} {[%emt 00:00:08]} Nf6 {[%clk 01:29:27]} {[%emt 00:01:34]} 3. Nxe5
{[%clk 01:31:24]} {[%emt 00:00:25]} Qe7 {[%clk 01:29:35]} {[%emt 00:00:22]} 4.
Nf3 {[%clk 01:31:47]} {[%emt 00:00:07]} Nxe4 {[%clk 01:29:52]} {[%emt
00:00:13]} 5. Qe2 {[%clk 01:32:13]} {[%emt 00:00:03]} Nf6 {[%clk 01:29:27]}
{[%emt 00:00:55]} 6. Nc3 {[%clk 01:32:39]} {[%emt 00:00:04]} c6 {[%clk
01:29:11]} {[%emt 00:00:46]} 7. d3 {[%clk 01:32:26]} {[%emt 00:00:43]} d5
{[%clk 01:29:27]} {[%emt 00:00:14]} 8. Bg5 {[%clk 01:32:46]} {[%emt 00:00:10]}
Qxe2+ {[%clk 01:29:16]} {[%emt 00:00:41]} 9. Bxe2 {[%clk 01:33:12]} {[%emt
00:00:04]} Be7 {[%clk 01:29:39]} {[%emt 00:00:07]} 10. O-O {[%clk 01:33:25]}
{[%emt 00:00:16]} O-O {[%clk 01:29:27]} {[%emt 00:00:43]} 11. Rfe1 {[%clk
01:33:17]} {[%emt 00:00:39]} Bd7 {[%clk 01:29:02]} {[%emt 00:00:55]} 12. Bf1
{[%clk 01:33:19]} {[%emt 00:00:27]} Re8 {[%clk 01:29:06]} {[%emt 00:00:26]} 13.
Re2 {[%clk 01:32:44]} {[%emt 00:01:06]} Na6 {[%clk 01:29:16]} {[%emt 00:00:20]}
14. Ne5 {[%clk 01:32:08]} {[%emt 00:01:05]} Be6 {[%clk 01:29:19]} {[%emt
00:00:28]} 15. Rae1 {[%clk 01:31:36]} {[%emt 00:01:02]} Kf8 {[%clk 01:27:47]}
{[%emt 00:02:02]} 16. d4 {[%clk 01:25:16]} {[%emt 00:06:50]} h6 {[%clk
01:27:50]} {[%emt 00:00:27]} 17. Bh4 {[%clk 01:24:49]} {[%emt 00:00:56]} g5
{[%clk 01:27:55]} {[%emt 00:00:25]} 18. Bg3 {[%clk 01:25:00]} {[%emt 00:00:20]}
Nh5 {[%clk 01:28:10]} {[%emt 00:00:15]} 19. Ng6+ {[%clk 01:17:28]} {[%emt
00:08:01]} Kg7 {[%clk 01:27:46]} {[%emt 00:00:54]} 20. Nxe7 {[%clk 01:17:50]}
{[%emt 00:00:08]} Rxe7 {[%clk 01:28:09]} {[%emt 00:00:07]} 21. Be5+ {[%clk
01:17:51]} {[%emt 00:00:29]} Kg6 {[%clk 01:28:07]} {[%emt 00:00:31]} 22. Rd2
{[%clk 01:16:32]} {[%emt 00:01:50]} Bf5 {[%clk 01:27:54]} {[%emt 00:00:44]} 23.
Bxa6 {[%clk 01:16:32]} {[%emt 00:00:31]} bxa6 {[%clk 01:28:13]} {[%emt
00:00:10]} 24. Red1 {[%clk 01:14:20]} {[%emt 00:02:42]} Rae8 {[%clk 01:28:22]}
{[%emt 00:00:21]} 25. f3 {[%clk 01:10:19]} {[%emt 00:04:32]} f6 {[%clk
01:28:03]} {[%emt 00:00:49]} 26. Bd6 {[%clk 01:10:28]} {[%emt 00:00:21]} Re6
{[%clk 01:28:15]} {[%emt 00:00:17]} 27. Bc5 {[%clk 01:10:37]} {[%emt 00:00:20]}
Nf4 {[%emt 00:00:37]} 28. g4 {[%clk 01:10:26]} {[%emt 00:00:38]} Bxc2 {[%clk
01:27:12]} {[%emt 00:01:28]} 29. Rxc2 {[%clk 01:10:44]} {[%emt 00:00:13]} Re1+
{[%clk 01:27:07]} {[%emt 00:00:35]} 30. Kf2 {[%clk 01:07:17]} {[%emt 00:03:57]}
Rxd1 {[%clk 01:27:26]} {[%emt 00:00:11]} 31. Nxd1 {[%clk 01:07:43]} {[%emt
00:00:04]} Nd3+ {[%clk 01:27:47]} {[%emt 00:00:09]} 32. Kg3 {[%clk 01:05:42]}
{[%emt 00:02:31]} Re1 {[%clk 01:28:06]} {[%emt 00:00:10]} 33. Nc3 {[%clk
01:05:51]} {[%emt 00:00:21]} Rg1+ {[%clk 01:28:29]} {[%emt 00:00:07]} 34. Rg2
{[%clk 01:06:17]} {[%emt 00:00:05]} Re1 {[%clk 01:27:38]} {[%emt 00:01:19]} 35.
Bd6 {[%clk 01:02:09]} {[%emt 00:04:39]} h5 {[%clk 01:26:51]} {[%emt 00:01:18]}
36. gxh5+ {[%clk 01:01:25]} {[%emt 00:01:15]} Kxh5 {[%clk 01:27:13]} {[%emt
00:00:06]} 37. Rd2 {[%clk 01:01:37]} {[%emt 00:00:19]} Rg1+ {[%clk 01:27:04]}
{[%emt 00:00:40]} 38. Kh3 {[%clk 01:01:09]} {[%emt 00:00:59]} f5 {[%clk
01:26:32]} {[%emt 00:01:02]} 39. Rg2 {[%clk 01:00:26]} {[%emt 00:01:13]} Nf2+
{[%clk 01:26:00]} {[%emt 00:01:02]} 40. Kg3 {[%clk 01:00:12]} {[%emt 00:01:31]}
Nh1+ {[%clk 01:26:20]} {[%emt 00:00:09]} 41. Kh3 {[%clk 01:00:37]} {[%emt
00:00:06]} g4+ {[%clk 01:26:43]} {[%emt 00:00:07]} 42. fxg4+ {[%clk 01:00:42]}
{[%emt 00:00:24]} fxg4+ {[%clk 01:27:08]} {[%emt 00:00:05]} 43. Rxg4 {[%clk
01:01:07]} {[%emt 00:00:04]} Nf2# {[%emt 00:00:05]} 0-1

[Event "DEM U10 2025"]
[Site "Willingen GER"]
[Date "2025.06.10"]
[Round "4"]
[White "Fendel, Arsenij"]
[Black "Gwardak, Jakob"]
[Result "0-1"]
[Termination "normal"]
[Board "13"]
[WhiteElo "1279"]
[BlackElo "1736"]
[WhiteClock "01:01:02"]
[BlackClock "00:30:22"]
[PlyCount "140"]
[WhiteFideId "533009635"]
[BlackFideId "34670556"]
[EventCountry "GER"]
[EventRounds "9"]
[EventType "swiss"]
[EventDate "2025.06.07"]

1. d4 {[%clk 01:30:52]} {[%emt 00:00:07]} d5 {[%clk 01:30:39]} {[%emt
00:00:21]} 2. c4 {[%clk 01:31:04]} {[%emt 00:00:17]} e6 {[%clk 01:30:57]}
{[%emt 00:00:13]} 3. Nf3 {[%clk 01:31:18]} {[%emt 00:00:17]} c5 {[%clk
01:30:27]} {[%emt 00:00:59]} 4. cxd5 {[%clk 01:30:46]} {[%emt 00:01:01]} exd5
{[%clk 01:30:45]} {[%emt 00:00:13]} 5. g3 {[%clk 01:30:31]} {[%emt 00:00:45]}
Nc6 {[%clk 01:30:09]} {[%emt 00:01:07]} 6. Bg2 {[%clk 01:29:42]} {[%emt
00:01:19]} Nf6 {[%clk 01:29:26]} {[%emt 00:01:13]} 7. O-O {[%clk 01:29:14]}
{[%emt 00:00:57]} Be7 {[%clk 01:27:01]} {[%emt 00:02:55]} 8. dxc5 {[%clk
01:27:32]} {[%emt 00:02:13]} Bxc5 {[%clk 01:27:00]} {[%emt 00:00:31]} 9. a3
{[%clk 01:26:28]} {[%emt 00:01:34]} Be6 {[%clk 01:23:06]} {[%emt 00:04:24]} 10.
b4 {[%clk 01:24:37]} {[%emt 00:02:21]} Bb6 {[%clk 01:20:01]} {[%emt 00:03:35]}
11. Bb2 {[%clk 01:21:22]} {[%emt 00:03:44]} O-O {[%clk 01:08:06]} {[%emt
00:12:25]} 12. Nc3 {[%clk 01:17:50]} {[%emt 00:04:01]} Rc8 {[%clk 01:02:38]}
{[%emt 00:05:58]} 13. Rc1 {[%clk 01:08:33]} {[%emt 00:09:47]} Qe7 {[%clk
00:54:06]} {[%emt 00:09:02]} 14. Qd3 {[%clk 00:53:00]} {[%emt 00:16:02]} Rfd8
{[%clk 00:47:44]} {[%emt 00:06:53]} 15. Rfd1 {[%clk 00:47:44]} {[%emt
00:05:43]} h6 {[%clk 00:40:50]} {[%emt 00:07:26]} 16. Qb5 {[%clk 00:39:48]}
{[%emt 00:08:26]} Qc7 {[%clk 00:33:34]} {[%emt 00:07:47]} 17. Na4 {[%clk
00:38:41]} {[%emt 00:01:37]} Nd7 {[%clk 00:30:30]} {[%emt 00:03:34]} 18. Nd4
{[%clk 00:33:27]} {[%emt 00:05:43]} Bxd4 {[%clk 00:26:26]} {[%emt 00:04:35]}
19. Bxd4 {[%clk 00:30:39]} {[%emt 00:03:18]} Nxd4 {[%clk 00:23:22]} {[%emt
00:03:34]} 20. Rxc7 {[%clk 00:29:55]} {[%emt 00:01:12]} Nxb5 {[%clk 00:23:34]}
{[%emt 00:00:20]} 21. Rxc8 {[%clk 00:30:03]} {[%emt 00:00:22]} Rxc8 {[%clk
00:23:56]} {[%emt 00:00:08]} 22. Bxd5 {[%clk 00:29:53]} {[%emt 00:00:40]} Nf6
{[%clk 00:21:52]} {[%emt 00:02:35]} 23. Bxb7 {[%clk 00:29:34]} {[%emt
00:00:49]} Rb8 {[%clk 00:18:43]} {[%emt 00:03:38]} 24. Nc5 {[%clk 00:28:31]}
{[%emt 00:01:33]} Nxa3 {[%clk 00:16:39]} {[%emt 00:02:34]} 25. Ra1 {[%clk
00:28:28]} {[%emt 00:00:32]} Nb5 {[%clk 00:16:47]} {[%emt 00:00:21]} 26. e4
{[%clk 00:27:44]} {[%emt 00:01:15]} Ne8 {[%clk 00:14:15]} {[%emt 00:03:03]} 27.
e5 {[%clk 00:27:26]} {[%emt 00:00:48]} Nec7 {[%clk 00:13:56]} {[%emt 00:00:49]}
28. f4 {[%clk 00:27:34]} {[%emt 00:00:21]} Bd5 {[%clk 00:13:15]} {[%emt
00:01:11]} 29. Bxd5 {[%clk 00:27:17]} {[%emt 00:00:48]} Nxd5 {[%clk 00:13:37]}
{[%emt 00:00:08]} 30. Ra4 {[%clk 00:26:32]} {[%emt 00:01:06]} Ndc3 {[%clk
00:12:54]} {[%emt 00:01:21]} 31. Ra5 {[%clk 00:26:32]} {[%emt 00:00:29]} Nd5
{[%clk 00:13:13]} {[%emt 00:00:13]} 32. Ra4 {[%clk 00:26:54]} {[%emt 00:00:08]}
Rc8 {[%clk 00:09:58]} {[%emt 00:03:45]} 33. Ra5 {[%clk 00:26:57]} {[%emt
00:00:27]} Ndc3 {[%clk 00:09:36]} {[%emt 00:00:52]} 34. Ra1 {[%clk 00:26:47]}
{[%emt 00:00:38]} Rc7 {[%clk 00:08:39]} {[%emt 00:01:29]} 35. g4 {[%clk
00:26:10]} {[%emt 00:01:07]} Ne2+ {[%clk 00:07:26]} {[%emt 00:01:43]} 36. Kf2
{[%clk 00:26:22]} {[%emt 00:00:17]} Nxf4 {[%clk 00:07:47]} {[%emt 00:00:09]}
37. Kf3 {[%clk 00:26:28]} {[%emt 00:00:24]} Ne6 {[%clk 00:06:46]} {[%emt
00:01:32]} 38. Na6 {[%clk 00:26:31]} {[%emt 00:00:27]} Rc4 {[%clk 00:04:56]}
{[%emt 00:02:20]} 39. h3 {[%clk 00:26:49]} {[%emt 00:00:11]} Nbc7 {[%clk
00:02:11]} {[%emt 00:03:16]} 40. Nxc7 {[%clk 00:27:00]} {[%emt 00:00:19]} Rxc7
{[%clk 00:02:28]} {[%emt 00:00:13]} 41. Ke4 {[%clk 00:27:04]} {[%emt 00:00:25]}
Rc4+ {[%clk 00:02:40]} {[%emt 00:00:18]} 42. Kd5 {[%clk 00:27:21]} {[%emt
00:00:14]} Rxb4 {[%clk 00:02:22]} {[%emt 00:00:48]} 43. Rxa7 {[%clk 00:27:16]}
{[%emt 00:00:33]} Rd4+ {[%clk 00:24:42]} {[%emt 00:08:12]} 44. Kc6 {[%clk
00:57:23]} {[%emt 00:00:23]} g5 {[%clk 00:24:25]} {[%emt 00:00:46]} 45. Ra8+
{[%clk 00:57:21]} {[%emt 00:00:33]} Kg7 {[%clk 00:24:49]} {[%emt 00:00:06]} 46.
Ra1 {[%clk 00:57:26]} {[%emt 00:00:24]} Nf4 {[%clk 00:23:31]} {[%emt 00:01:49]}
47. Rh1 {[%clk 00:57:17]} {[%emt 00:00:32]} Rd3 {[%clk 00:23:52]} {[%emt
00:00:17]} 48. h4 {[%clk 00:57:25]} {[%emt 00:00:22]} Rh3 {[%clk 00:23:54]}
{[%emt 00:00:28]} 49. Rg1 {[%clk 00:57:40]} {[%emt 00:00:14]} Rxh4 {[%clk
00:23:50]} {[%emt 00:00:35]} 50. Kd6 {[%clk 00:57:57]} {[%emt 00:00:11]} Rh3
{[%clk 00:23:51]} {[%emt 00:00:30]} 51. Rd1 {[%clk 00:58:00]} {[%emt 00:00:23]}
Rd3+ {[%clk 00:24:16]} {[%emt 00:00:09]} 52. Rxd3 {[%clk 00:58:18]} {[%emt
00:00:10]} Nxd3 {[%clk 00:24:42]} {[%emt 00:00:06]} 53. e6 {[%clk 00:58:38]}
{[%emt 00:00:10]} fxe6 {[%clk 00:24:50]} {[%emt 00:00:22]} 54. Kxe6 {[%clk
00:59:00]} {[%emt 00:00:08]} Kg6 {[%clk 00:24:58]} {[%emt 00:00:23]} 55. Kd5
{[%clk 00:59:17]} {[%emt 00:00:12]} Kf6 {[%clk 00:25:19]} {[%emt 00:00:09]} 56.
Kd4 {[%clk 00:59:39]} {[%emt 00:00:08]} Ne5 {[%clk 00:25:34]} {[%emt 00:00:15]}
57. Ke4 {[%clk 00:59:17]} {[%emt 00:00:52]} Nxg4 {[%clk 00:25:56]} {[%emt
00:00:08]} 58. Kf3 {[%clk 00:59:18]} {[%emt 00:00:28]} h5 {[%clk 00:26:14]}
{[%emt 00:00:13]} 59. Kg3 {[%clk 00:59:27]} {[%emt 00:00:20]} Ne5 {[%clk
00:26:37]} {[%emt 00:00:08]} 60. Kh3 {[%clk 00:59:47]} {[%emt 00:00:10]} Kf5
{[%clk 00:27:03]} {[%emt 00:00:04]} 61. Kg3 {[%clk 00:58:02]} {[%emt 00:02:14]}
h4+ {[%clk 00:27:23]} {[%emt 00:00:10]} 62. Kh3 {[%clk 00:58:26]} {[%emt
00:00:06]} Kf4 {[%clk 00:27:47]} {[%emt 00:00:07]} 63. Kh2 {[%clk 00:58:44]}
{[%emt 00:00:11]} g4 {[%clk 00:28:13]} {[%emt 00:00:04]} 64. Kg2 {[%clk
00:59:08]} {[%emt 00:00:07]} h3+ {[%clk 00:28:28]} {[%emt 00:00:15]} 65. Kg1
{[%clk 00:59:23]} {[%emt 00:00:14]} g3 {[%clk 00:28:52]} {[%emt 00:00:07]} 66.
Kh1 {[%clk 00:59:48]} {[%emt 00:00:05]} Kf3 {[%clk 00:28:58]} {[%emt 00:00:24]}
67. Kg1 {[%clk 01:00:08]} {[%emt 00:00:09]} g2 {[%clk 00:29:22]} {[%emt
00:00:06]} 68. Kh2 {[%clk 01:00:23]} {[%emt 00:00:15]} Kf2 {[%clk 00:29:45]}
{[%emt 00:00:08]} 69. Kxh3 {[%clk 01:00:45]} {[%emt 00:00:07]} g1=Q {[%clk
00:30:00]} {[%emt 00:00:16]} 70. Kh4 {[%clk 01:01:02]} {[%emt 00:00:11]} Qg4#
{[%clk 00:30:22]} {[%emt 00:00:08]} 0-1

[Event "DEM U10 2025"]
[Site "Willingen GER"]
[Date "2025.06.10"]
[Round "4"]
[White "Schmidt, Alexander Nadvid"]
[Black "Schmidt, Fabian"]
[Result "0-1"]
[Termination "normal"]
[Board "15"]
[WhiteElo "1565"]
[BlackElo "1407"]
[WhiteClock "01:21:38"]
[BlackClock "00:03:58"]
[PlyCount "100"]
[WhiteFideId "34661360"]
[BlackFideId "533043515"]
[EventCountry "GER"]
[EventRounds "9"]
[EventType "swiss"]
[EventDate "2025.06.07"]

1. e4 {[%clk 01:30:58]} {[%emt 00:00:01]} c6 {[%clk 01:30:55]} {[%emt
00:00:06]} 2. d4 {[%clk 01:31:24]} {[%emt 00:00:04]} d5 {[%clk 01:31:22]}
{[%emt 00:00:03]} 3. e5 {[%clk 01:31:50]} {[%emt 00:00:04]} Bf5 {[%clk
01:31:46]} {[%emt 00:00:05]} 4. h4 {[%clk 01:32:14]} {[%emt 00:00:05]} h5
{[%clk 01:32:13]} {[%emt 00:00:04]} 5. Bd3 {[%clk 01:32:38]} {[%emt 00:00:06]}
Bxd3 {[%clk 01:32:34]} {[%emt 00:00:09]} 6. Qxd3 {[%clk 01:33:04]} {[%emt
00:00:05]} Qa5+ {[%clk 01:32:55]} {[%emt 00:00:09]} 7. Bd2 {[%clk 01:33:28]}
{[%emt 00:00:06]} Qa6 {[%clk 01:33:22]} {[%emt 00:00:04]} 8. e6 {[%clk
01:33:49]} {[%emt 00:00:08]} Qxd3 {[%clk 01:33:38]} {[%emt 00:00:14]} 9. exf7+
{[%clk 01:34:13]} {[%emt 00:00:06]} Kxf7 {[%clk 01:34:00]} {[%emt 00:00:09]}
10. cxd3 {[%clk 01:34:36]} {[%emt 00:00:07]} e6 {[%clk 01:29:51]} {[%emt
00:04:39]} 11. Nf3 {[%clk 01:33:34]} {[%emt 00:01:31]} Nd7 {[%clk 01:28:51]}
{[%emt 00:01:30]} 12. O-O {[%clk 01:33:42]} {[%emt 00:00:21]} Be7 {[%clk
01:24:15]} {[%emt 00:05:07]} 13. Re1 {[%clk 01:33:47]} {[%emt 00:00:25]} Bf6
{[%clk 01:16:59]} {[%emt 00:07:47]} 14. Bc3 {[%clk 01:33:00]} {[%emt 00:01:17]}
Re8 {[%clk 01:15:10]} {[%emt 00:02:18]} 15. Nbd2 {[%clk 01:32:13]} {[%emt
00:01:16]} Nh6 {[%clk 01:15:02]} {[%emt 00:00:39]} 16. Re2 {[%clk 01:31:56]}
{[%emt 00:00:46]} Nf5 {[%clk 01:11:59]} {[%emt 00:03:33]} 17. g3 {[%clk
01:31:54]} {[%emt 00:00:31]} Re7 {[%clk 01:07:07]} {[%emt 00:05:23]} 18. Rae1
{[%clk 01:31:39]} {[%emt 00:00:45]} c5 {[%clk 01:05:20]} {[%emt 00:02:17]} 19.
dxc5 {[%clk 01:31:07]} {[%emt 00:01:03]} Nxc5 {[%clk 01:04:35]} {[%emt
00:01:14]} 20. d4 {[%clk 01:30:10]} {[%emt 00:01:27]} Na4 {[%clk 01:01:08]}
{[%emt 00:03:57]} 21. Nb3 {[%clk 01:29:52]} {[%emt 00:00:49]} Nxc3 {[%clk
00:59:33]} {[%emt 00:02:05]} 22. bxc3 {[%clk 01:30:15]} {[%emt 00:00:07]} b6
{[%clk 01:00:01]} {[%emt 00:00:02]} 23. Nbd2 {[%clk 01:28:29]} {[%emt
00:02:14]} Rc8 {[%clk 01:00:01]} {[%emt 00:00:31]} 24. Nb1 {[%clk 01:28:01]}
{[%emt 00:00:58]} a6 {[%clk 01:00:00]} {[%emt 00:00:31]} 25. a4 {[%clk
01:27:28]} {[%emt 00:01:03]} Rc6 {[%clk 00:58:30]} {[%emt 00:02:00]} 26. Kf1
{[%clk 01:25:09]} {[%emt 00:02:47]} Nd6 {[%clk 00:55:51]} {[%emt 00:03:10]} 27.
Ng5+ {[%clk 01:24:10]} {[%emt 00:01:29]} Bxg5 {[%clk 00:55:42]} {[%emt
00:00:40]} 28. hxg5 {[%clk 01:24:35]} {[%emt 00:00:04]} Ne4 {[%clk 00:55:53]}
{[%emt 00:00:19]} 29. Kg2 {[%clk 01:24:57]} {[%emt 00:00:08]} Nxg5 {[%clk
00:45:51]} {[%emt 00:10:33]} 30. f3 {[%clk 01:25:18]} {[%emt 00:00:08]} Rc4
{[%clk 00:32:44]} {[%emt 00:13:37]} 31. Re5 {[%clk 01:25:05]} {[%emt 00:00:42]}
Kg6 {[%clk 00:28:59]} {[%emt 00:04:15]} 32. Rxd5 {[%clk 01:25:06]} {[%emt
00:00:29]} Nxf3 {[%clk 00:25:59]} {[%emt 00:03:31]} 33. Re2 {[%clk 01:24:00]}
{[%emt 00:01:35]} Rxa4 {[%clk 00:23:22]} {[%emt 00:03:08]} 34. Rd6 {[%clk
01:23:58]} {[%emt 00:00:33]} Ng5 {[%clk 00:22:51]} {[%emt 00:01:00]} 35. Rxb6
{[%clk 01:24:21]} {[%emt 00:00:07]} Ra1 {[%clk 00:14:08]} {[%emt 00:09:12]} 36.
d5 {[%clk 01:22:08]} {[%emt 00:02:44]} Kf6 {[%clk 00:11:35]} {[%emt 00:03:03]}
37. d6 {[%clk 01:22:28]} {[%emt 00:00:10]} Rd7 {[%clk 00:11:46]} {[%emt
00:00:18]} 38. c4 {[%clk 01:22:43]} {[%emt 00:00:16]} Ra5 {[%clk 00:11:28]}
{[%emt 00:00:47]} 39. Rc2 {[%clk 01:22:56]} {[%emt 00:00:17]} Ne4 {[%clk
00:10:34]} {[%emt 00:01:25]} 40. Nc3 {[%clk 01:20:37]} {[%emt 00:02:49]} Nxd6
{[%clk 00:09:41]} {[%emt 00:01:23]} 41. c5 {[%clk 01:20:41]} {[%emt 00:00:26]}
Rxc5 {[%clk 00:09:05]} {[%emt 00:01:07]} 42. Rxd6 {[%clk 01:19:48]} {[%emt
00:01:23]} Rxc3 {[%clk 00:08:09]} {[%emt 00:01:26]} 43. Rxe6+ {[%clk 01:19:25]}
{[%emt 00:00:53]} Kxe6 {[%clk 00:08:22]} {[%emt 00:00:17]} 44. Rxc3 {[%clk
01:19:50]} {[%emt 00:00:05]} Kd6 {[%clk 00:07:12]} {[%emt 00:01:40]} 45. Ra3
{[%clk 01:19:51]} {[%emt 00:00:29]} Ra7 {[%clk 00:07:06]} {[%emt 00:00:36]} 46.
Ra5 {[%clk 01:20:15]} {[%emt 00:00:06]} Ke6 {[%clk 00:04:32]} {[%emt 00:03:04]}
47. Rxh5 {[%clk 01:20:29]} {[%emt 00:00:15]} a5 {[%clk 00:04:49]} {[%emt
00:00:14]} 48. Rh1 {[%clk 01:20:51]} {[%emt 00:00:07]} Kd5 {[%clk 00:03:53]}
{[%emt 00:01:27]} 49. Kf2 {[%clk 01:21:14]} {[%emt 00:00:08]} Kc4 {[%clk
00:03:49]} {[%emt 00:00:34]} 50. Rb1 {[%clk 01:21:38]} {[%emt 00:00:06]} Kc3
{[%clk 00:03:58]} {[%emt 00:00:22]} 0-1

[Event "DEM U10 2025"]
[Site "Willingen GER"]
[Date "2025.06.10"]
[Round "4"]
[White "Winkens, Jonathan"]
[Black "Mettenbrink, Tammo"]
[Result "0-1"]
[Termination "normal"]
[Board "16"]
[WhiteElo "1406"]
[BlackElo "1275"]
[WhiteClock "01:00:37"]
[BlackClock "00:41:54"]
[PlyCount "82"]
[WhiteFideId "533019703"]
[BlackFideId "533043043"]
[EventCountry "GER"]
[EventRounds "9"]
[EventType "swiss"]
[EventDate "2025.06.07"]

1. e4 {[%clk 01:30:58]} {[%emt 00:00:01]} c6 {[%clk 01:30:55]} {[%emt
00:00:06]} 2. d4 {[%clk 01:30:54]} {[%emt 00:00:34]} d5 {[%clk 01:31:20]}
{[%emt 00:00:06]} 3. e5 {[%clk 01:31:17]} {[%emt 00:00:06]} Bf5 {[%clk
01:31:45]} {[%emt 00:00:05]} 4. Bd3 {[%clk 01:31:31]} {[%emt 00:00:16]} Bg6
{[%clk 01:32:01]} {[%emt 00:00:13]} 5. Bxg6 {[%clk 01:31:48]} {[%emt 00:00:13]}
hxg6 {[%clk 01:32:22]} {[%emt 00:00:10]} 6. Nf3 {[%clk 01:31:32]} {[%emt
00:00:45]} e6 {[%clk 01:32:40]} {[%emt 00:00:14]} 7. O-O {[%clk 01:31:30]}
{[%emt 00:00:31]} Nd7 {[%clk 01:32:49]} {[%emt 00:00:21]} 8. Be3 {[%clk
01:30:08]} {[%emt 00:01:52]} Ne7 {[%clk 01:33:04]} {[%emt 00:00:15]} 9. Nbd2
{[%clk 01:29:57]} {[%emt 00:00:41]} Nf5 {[%clk 01:32:35]} {[%emt 00:00:59]} 10.
Bg5 {[%clk 01:29:12]} {[%emt 00:01:15]} f6 {[%clk 01:32:36]} {[%emt 00:00:30]}
11. Bf4 {[%clk 01:28:43]} {[%emt 00:00:58]} g5 {[%clk 01:32:44]} {[%emt
00:00:23]} 12. Bg3 {[%clk 01:29:02]} {[%emt 00:00:11]} g4 {[%clk 01:32:50]}
{[%emt 00:00:24]} 13. Ne1 {[%clk 01:28:50]} {[%emt 00:00:42]} Nxd4 {[%clk
01:28:49]} {[%emt 00:04:30]} 14. Qxg4 {[%clk 01:29:06]} {[%emt 00:00:14]} Nf5
{[%clk 01:28:45]} {[%emt 00:00:35]} 15. Qg6+ {[%clk 01:29:15]} {[%emt
00:00:17]} Ke7 {[%clk 01:28:35]} {[%emt 00:00:44]} 16. exf6+ {[%clk 01:29:37]}
{[%emt 00:00:07]} Nxf6 {[%clk 01:28:47]} {[%emt 00:00:18]} 17. Be5 {[%emt
00:03:06]} Nd7 {[%clk 01:27:07]} 18. Nef3 {[%clk 01:28:31]} {[%emt 00:01:10]}
Rh6 {[%clk 01:25:51]} {[%emt 00:01:44]} 19. Qg5+ {[%clk 01:28:01]} {[%emt
00:00:57]} Nf6 {[%clk 01:25:09]} {[%emt 00:01:17]} 20. Bxf6+ {[%clk 01:27:06]}
{[%emt 00:01:25]} gxf6 {[%clk 01:24:54]} {[%emt 00:00:45]} 21. Qf4 {[%clk
01:26:45]} {[%emt 00:00:49]} Kf7 {[%clk 01:24:09]} {[%emt 00:01:16]} 22. Rfe1
{[%clk 01:26:32]} {[%emt 00:00:43]} Bd6 {[%clk 01:23:30]} {[%emt 00:01:09]} 23.
Qa4 {[%clk 01:24:49]} {[%emt 00:02:13]} Qh8 {[%clk 01:22:30]} {[%emt 00:01:30]}
24. h3 {[%clk 01:22:51]} {[%emt 00:02:28]} Qg7 {[%clk 01:20:59]} {[%emt
00:02:01]} 25. Qb3 {[%clk 01:22:33]} {[%emt 00:00:48]} b6 {[%clk 01:17:06]}
{[%emt 00:04:24]} 26. c4 {[%clk 01:21:05]} {[%emt 00:01:56]} Rah8 {[%clk
01:16:20]} {[%emt 00:01:17]} 27. Kf1 {[%clk 01:20:45]} {[%emt 00:00:50]} Rg8
{[%clk 01:15:04]} {[%emt 00:01:46]} 28. g3 {[%clk 01:15:33]} {[%emt 00:05:42]}
Rxh3 {[%clk 01:12:54]} {[%emt 00:02:40]} 29. Qa4 {[%clk 01:15:19]} {[%emt
00:00:44]} Qg4 {[%clk 00:56:52]} {[%emt 00:16:32]} 30. Qxa7+ {[%clk 01:14:59]}
{[%emt 00:00:49]} Ne7 {[%clk 00:56:51]} {[%emt 00:00:32]} 31. cxd5 {[%clk
01:15:07]} {[%emt 00:00:21]} Rh1+ {[%clk 00:53:57]} {[%emt 00:03:25]} 32. Ke2
{[%clk 01:14:53]} {[%emt 00:00:44]} Rh5 {[%clk 00:52:50]} {[%emt 00:01:36]} 33.
dxe6+ {[%clk 01:15:07]} {[%emt 00:00:17]} Qxe6+ {[%clk 00:52:11]} {[%emt
00:01:08]} 34. Kd1 {[%clk 01:13:03]} {[%emt 00:02:34]} Qg4 {[%clk 00:51:06]}
{[%emt 00:01:35]} 35. Qxb6 {[%clk 01:10:32]} {[%emt 00:03:00]} Rd5 {[%clk
00:50:23]} {[%emt 00:01:14]} 36. Qb3 {[%clk 01:10:09]} {[%emt 00:00:45]} Rb8
{[%clk 00:49:29]} {[%emt 00:01:33]} 37. Qe3 {[%clk 01:02:51]} {[%emt 00:07:47]}
Rxb2 {[%clk 00:47:03]} {[%emt 00:02:57]} 38. Kc1 {[%clk 01:02:33]} {[%emt
00:00:48]} Rb7 {[%clk 00:44:40]} {[%emt 00:02:49]} 39. Ne4 {[%clk 01:02:06]}
{[%emt 00:01:01]} Bc5 {[%clk 00:41:28]} {[%emt 00:03:41]} 40. Nxc5 {[%clk
01:01:27]} {[%emt 00:01:09]} Qc4+ {[%clk 00:41:34]} {[%emt 00:00:17]} 41. Qc3
{[%clk 01:00:37]} {[%emt 00:01:27]} Qxc3# {[%clk 00:41:54]} {[%emt 00:00:08]}
0-1